| 000 | 00887nas a2200289 4500 | ||
|---|---|---|---|
| 001 | BR2013010297 | ||
| 003 | BR-BrBNA | ||
| 005 | 20231205123424.0 | ||
| 007 | ta | ||
| 008 | 230509b bl.|||p| |||| 00| 00por d | ||
| 040 |
_aBR-BrBNA _bpor _cBiblioteca Nacional de Agricultura |
||
| 041 | _a(Pt) | ||
| 072 | _aF70 | ||
| 100 | 1 | _aJacobi, U.S. | |
| 100 | 1 | _aDuarte, C.I. | |
| 100 | 1 | _aGonçalves, R.S. | |
| 100 | 1 | _aAcunha, J. de S. | |
| 100 | 1 | _aHefler, S.M. | |
| 245 | 1 | _aFlorística dos ecossistemas do Campus Carreiros, Rio grande, Rio Grande do Sul, Brasil | |
| 650 | _aCOMPOSIÇÃO BOTÂNICA | ||
| 650 | _aLEVANTAMENTO | ||
| 650 | _aTAXONOMIA VEGETAL | ||
| 650 | _aRIO GRANDE DO SUL | ||
| 773 | 0 |
_tIheringia. Série Botânica (Brazil) _xISSN 0073-4705 _g(Jun 2013), v. 68(1) p. 73-89 _wBR2013010297 |
|
| 909 |
_a202311 _bLúcia _c55 _dLúcia Elande |
||
| 942 |
_2AGRIS _n0 _cANA |
||
| 999 |
_c233792 _d233792 |
||